| 000 | 00828nam a22002537a 4500 | ||
|---|---|---|---|
| 005 | 2012030201191.0 | ||
| 008 | 120302t xxu||||| |||| 00| 0 eng d | ||
| 010 | _aENG-104851 | ||
| 020 |
_a9788120345089 _c525.00 |
||
| 035 | _aEN-88384 | ||
| 037 | _bDBAD/PUB | ||
| 040 |
_aDPL _bEng |
||
| 082 | _a549 | ||
| 100 |
_aPerkins, Dexter _921899 |
||
| 245 |
_aMineralogy / _cby Dexter Perkins |
||
| 250 | _a3rd ed | ||
| 260 |
_aNew Delhi _bPHI Learning _c2012 |
||
| 270 |
_aM-97, Connaught Circus, _bNew Delhi _e110001 |
||
| 300 |
_ax, 494 p. : _c28cm (pbk) _bill. |
||
| 500 | _aincludes biblographical references and indexes | ||
| 650 |
_aMineralogy. _943312 |
||
| 942 |
_2ddc _cEN _mPER _h549 |
||
| 999 |
_c63664 _d63664 |
||